Detalles MARC
| 000 -CABECERA |
| campo de control de longitud fija |
01509nam a22003737a 4500 |
| 003 - IDENTIFICADOR DEL NÚMERO DE CONTROL |
| campo de control |
BPGM |
| 008 - DATOS DE LONGITUD FIJA--INFORMACIÓN GENERAL |
| campo de control de longitud fija |
260630b mx ||||| |||| 00| 0 spa d |
| 020 ## - NÚMERO INTERNACIONAL ESTÁNDAR DEL LIBRO |
| Número Internacional Estándar del Libro |
978-607-7906-17-9 (OBRA COMPLETA) |
| 020 ## - NÚMERO INTERNACIONAL ESTÁNDAR DEL LIBRO |
| Número Internacional Estándar del Libro |
978-607-7906-22-3 |
| 040 ## - FUENTE DE LA CATALOGACIÓN |
| Lengua de catalogación |
SPA |
| 041 ## - CÓDIGO DE LENGUA |
| Código de lengua del texto/banda sonora o título independiente |
SPA |
| Código de lengua original |
SPA |
| 084 ## - OTRO NÚMERO DE CLASIFICACIÓN |
| Número de clasificación |
CQ / 709.7245 |
| Número de documento/Ítem |
C37 |
| 100 ## - ENTRADA PRINCIPAL--NOMBRE DE PERSONA |
| Nombre de persona |
PRIETO HERNÁNDEZ DIEGO |
| Término indicativo de función/relación |
COORDINADOR |
| 110 ## - ENTRADA PRINCIPAL--NOMBRE DE ENTIDAD CORPORATIVA |
| Nombre de entidad corporativa o nombre de jurisdicción como elemento de entrada |
GOBIERNO DEL ESTADO DE QUERÉTARO |
| 245 ## - MENCIÓN DE TÍTULO |
| Título |
CATÁLOGO CIEN AÑOS DE ARTE EN QUERÉTARO |
| Resto del título |
ARTES POPULARES |
| 260 ## - PUBLICACIÓN, DISTRIBUCIÓN, ETC. |
| Lugar de publicación, distribución, etc. |
QUERÉTARO |
| Nombre del editor, distribuidor, etc. |
INSTITUTO QUERETANO DE LA CULTURA Y LAS ARTES |
| Fecha de publicación, distribución, etc. |
2012 |
| 300 ## - DESCRIPCIÓN FÍSICA |
| Extensión |
119 PÁGINAS |
| Otras características físicas |
28 CM X 21.5 CM |
| 336 ## - TIPO DE CONTENIDO |
| Fuente |
rdacontent |
| Término de tipo de contenido |
texto |
| Código de tipo de contenido |
txt |
| 337 ## - TIPO DE MEDIO |
| Fuente |
rdamedia |
| Nombre/término del tipo de medio |
sin mediación |
| Código del tipo de medio |
n |
| 338 ## - TIPO DE SOPORTE |
| Fuente |
rdacarrier |
| Nombre/término del tipo de soporte |
volumen |
| Código del tipo de soporte |
nc |
| 490 0# - MENCIÓN DE SERIE |
| Mención de serie |
CATÁLOGO |
| Designación de volumen o secuencia |
V.3 |
| 505 ## - NOTA DE CONTENIDO CON FORMATO |
| Nota de contenido con formato |
DOCUMENTA LA HERENCIA ARTESANAL DEL ESTADO. LA OBRA DESTACA TÉCNICAS TRADICIONALES COMO ALFARERÍA, TALLA EN MADERA, TEXTILES Y PIROTECNIA, RECONOCIENDO A LOS ARTESANOS COMO PORTADORES DE UNA TRADICIÓN PLURICULTURAL. |
| 650 ## - PUNTO DE ACCESO ADICIONAL DE MATERIA--TÉRMINO DE MATERIA |
| Fuente del encabezamiento o término |
LAS ARTES BELLAS ARTES Y ARTES DECORATIVAS |
| 650 ## - PUNTO DE ACCESO ADICIONAL DE MATERIA--TÉRMINO DE MATERIA |
| Fuente del encabezamiento o término |
TRATAMIENTO HISTÓRICO, GEOGRÁFICO, DE PERSONAS |
| 700 ## - PUNTO DE ACCESO ADICIONAL--NOMBRE DE PERSONA |
| Nombre de persona |
VILLARRUEL VÁZQUEZ MANUEL |
| Término indicativo de función/relación |
FOTOGRAFO |
| 700 ## - PUNTO DE ACCESO ADICIONAL--NOMBRE DE PERSONA |
| Nombre de persona |
BACA SUQUET ELENA |
| Término indicativo de función/relación |
FOTOGRAFA |
| 700 ## - PUNTO DE ACCESO ADICIONAL--NOMBRE DE PERSONA |
| Nombre de persona |
ALCOCER GONZALO |
| Término indicativo de función/relación |
FOTOGRAFO |
| 700 ## - PUNTO DE ACCESO ADICIONAL--NOMBRE DE PERSONA |
| Nombre de persona |
AGUIRRE IMELDA |
| Término indicativo de función/relación |
FOTOGRAFA |
| 700 ## - PUNTO DE ACCESO ADICIONAL--NOMBRE DE PERSONA |
| Nombre de persona |
VALENCIA RAMIRO |
| Término indicativo de función/relación |
FOTOGRAFO |
| 700 ## - PUNTO DE ACCESO ADICIONAL--NOMBRE DE PERSONA |
| Nombre de persona |
MURILLO EUNICE |
| Término indicativo de función/relación |
FOTOGRAFA |
| 700 ## - PUNTO DE ACCESO ADICIONAL--NOMBRE DE PERSONA |
| Nombre de persona |
MALDONADO LUNA, MARÍA CRISTINA |
| Término indicativo de función/relación |
FOTOGRAFA |
| 700 ## - PUNTO DE ACCESO ADICIONAL--NOMBRE DE PERSONA |
| Nombre de persona |
VEGA ADAME, SAMUEL |
| Término indicativo de función/relación |
FOTOGRAFO |
| 942 ## - ELEMENTOS DE PUNTO DE ACCESO ADICIONAL (KOHA) |
| Fuente del sistema de clasificación o colocación |
Dewey Decimal Classification |
| Tipo de ítem Koha |
Colección Querétaro |